[Event "NOR-ch"]
[Site "Hamar"]
[Date "2007.07.12"]
[Round "7"]
[White "Dannevig, Oystein"]
[Black "Lie, Kjetil A"]
[Result "1/2-1/2"]
[WhiteElo "2331"]
[BlackElo "2536"]
[PlyCount "108"]
[EventDate "2007.07.07"]
[EventType "swiss"]
[EventRounds "9"]
[EventCountry "NOR"]
[SourceTitle "CBM 119 Extra"]
[Source "ChessBase"]
[SourceDate "2007.09.04"]
[SourceVersion "1"]
[SourceVersionDate "2007.09.04"]
[SourceQuality "1"]

1. e4 e5 2. Nf3 Nc6 3. Bb5 a6 4. Ba4 Nf6 5. 0-0 b5 6. Bb3 Bc5 7. a4 Rb8 8. c3 d6 9. d4 Bb6 10. Na3 0-0 11. axb5 axb5 12. Nxb5 exd4 13. cxd4 Bg4 14. Bg5 Bxf3 15. gxf3 Bxd4 16. Nxd4 Nxd4 17. Qxd4 Rxb3 18. Bxf6 Qxf6 19. Qxf6 gxf6 20. Rfc1 Rb7 21. Ra6 Re8 22. Kg2 Kf8 23. Rc4 Ke7 24. b4 Rg8+ 25. Kf1 Kd7 26. Ra5 Rg5 27. Ra8 f5 28. Rf8 Ke6 29. Re8+ Kf6 30. f4 Rg4 31. e5+ dxe5 32. fxe5+ Kg7 33. Rxg4+ fxg4 34. e6 f5 35. Kg2 Rxb4 36. Re7+ Kg6 37. Rxc7 Re4 38. e7 h5 39. f3 Re2+ 40. Kg3 Kg5 41. h4+ Kf6 42. Kf4 gxf3 43. Kxf3 Rxe7 44. Rc4 Re1 45. Ra4 Rf1+ 46. Kg2 Rd1 47. Kf3 Ke5 48. Ra5+ Rd5 49. Ra3 Rb5 50. Re3+ Kf6 51. Ra3 Rb6 52. Ra4 Ke5 53. Ra5+ Ke6 54. Ra4 Ke5 1/2-1/2

[Event "NOR-ch"]
[Site "Hamar"]
[Date "2007.07.11"]
[Round "6"]
[White "Dannevig, Oystein"]
[Black "Gronn, Atle"]
[Result "0-1"]
[WhiteElo "2331"]
[BlackElo "2310"]
[PlyCount "58"]
[EventDate "2007.07.07"]
[EventType "swiss"]
[EventRounds "9"]
[EventCountry "NOR"]
[SourceTitle "CBM 119 Extra"]
[Source "ChessBase"]
[SourceDate "2007.09.04"]
[SourceVersion "1"]
[SourceVersionDate "2007.09.04"]
[SourceQuality "1"]

1. e4 c5 2. Nf3 e6 3. d4 cxd4 4. Nxd4 Nc6 5. Nc3 a6 6. Nxc6 bxc6 7. Bd3 d5 8. 0-0 Nf6 9. Re1 Be7 10. e5 Nd7 11. Qg4 g6 12. Na4 Qa5 13. Bh6 c5 14. b3 c4 15. Bf1 Bb7 16. Rab1 Bc6 17. Nb2 Rb8 18. bxc4 Rxb2 19. Rxb2 Qxe1 20. cxd5 Bxd5 21. Qa4 Qxe5 22. Rb1 Bd6 23. f4 Bc5+ 24. Kh1 Qd4 25. Qxd4 Bxd4 26. Bxa6 Ke7 27. c4 Bc6 28. Bb5 Bxb5 29. cxb5 Ra8 0-1

[Event "NOR-ch"]
[Site "Hamar"]
[Date "2007.07.09"]
[Round "4"]
[White "Dannevig, Oystein"]
[Black "Djurhuus, Rune"]
[Result "1-0"]
[WhiteElo "2331"]
[BlackElo "2456"]
[PlyCount "79"]
[EventDate "2007.07.07"]
[EventType "swiss"]
[EventRounds "9"]
[EventCountry "NOR"]
[SourceTitle "CBM 119 Extra"]
[Source "ChessBase"]
[SourceDate "2007.09.04"]
[SourceVersion "1"]
[SourceVersionDate "2007.09.04"]
[SourceQuality "1"]

1. e4 e6 2. d4 d5 3. exd5 exd5 4. Nf3 Bd6 5. c4 c6 6. Nc3 Ne7 7. Bd3 dxc4 8. Bxc4 0-0 9. 0-0 Nd7 10. Bg5 Nb6 11. Bb3 h6 12. Bxe7 Qxe7 13. Re1 Be6 14. Bxe6 fxe6 15. Re3 Nc4 16. Re4 Rae8 17. Qe2 Nb6 18. Re1 Rf6 19. Ne5 Nd5 20. g3 Nc7 21. Rg4 Bb4 22. Ng6 Qf7 23. Qc2 Rd8 24. Re5 Bxc3 25. bxc3 Rd5 26. c4 Rxg6 27. Rxg6 Rxd4 28. Re3 Rxc4 29. Rxg7+ Qxg7 30. Qxc4 Qf6 31. Qg4+ Kh7 32. Rf3 Qe7 33. Qe4+ Kg7 34. Qe5+ Kg6 35. Rf4 h5 36. g4 Nd5 37. gxh5+ Kh7 38. Rg4 Qf6 39. Qb8 Qf7 40. h6 1-0

[Event "NOR-chT"]
[Site "Oslo"]
[Date "2006.06.10"]
[Round "4"]
[White "Dannevig, Oystein"]
[Black "Sahl, Bjarke"]
[Result "1/2-1/2"]
[WhiteElo "2329"]
[BlackElo "2381"]
[PlyCount "126"]
[EventDate "2006.06.07"]
[EventType "team"]
[EventRounds "5"]
[EventCountry "NOR"]
[SourceTitle "CBM 112 Extra"]
[Source "ChessBase"]
[SourceDate "2006.07.14"]
[SourceVersion "1"]
[SourceVersionDate "2006.07.14"]
[SourceQuality "1"]

1. e4 c5 2. Nf3 d6 3. d4 cxd4 4. Nxd4 Nf6 5. Nc3 a6 6. Be3 e5 7. Nb3 Be6 8. Qd2 Nbd7 9. f3 h5 10. 0-0-0 Rc8 11. Kb1 Qc7 12. f4 Nb6 13. f5 Nc4 14. Bxc4 Bxc4 15. Bg5 Be7 16. Bxf6 gxf6 17. Qf2 a5 18. a4 Rg8 19. g3 Rg4 20. h3 Rg5 21. Rhe1 Bd8 22. Nd2 Ba6 23. Nf1 Qd7 24. h4 Rg8 25. Qf3 Rg4 26. Nh2 Rg8 27. Re3 Rh8 28. g4 Kf8 29. gxh5 Bb6 30. Ng4 Bxe3 31. Qxe3 Rxc3 32. Qxc3 Be2 33. Nxf6 Qd8 34. Rd2 Qxf6 35. Rxe2 Qd8 36. f6 Rh6 37. Qb3 Qxf6 38. Ka2 Qe6 39. c4 Rxh5 40. Rc2 Qe7 41. Rh2 Qc7 42. Kb1 Qc5 43. Rh1 Qc6 44. Qf3 Rh6 45. b3 Qb6 46. h5 Qd8 47. Rf1 Qd7 48. Kb2 Qe6 49. Rh1 Qf6 50. Qe3 Qf4 51. Qxf4 exf4 52. Kc3 Ke7 53. Rh4 Ke6 54. Kd4 b6 55. Rxf4 Rxh5 56. Rf3 f6 57. Rg3 Rh1 58. Rf3 Rb1 59. Kc3 Rc1+ 60. Kd4 Rb1 61. Kc3 Re1 62. Kd4 Rb1 63. Kc3 Re1 1/2-1/2

[Event "NOR-ch op"]
[Site "Oslo"]
[Date "2006.04.15"]
[Round "8"]
[White "Starostits, Ilmars"]
[Black "Dannevig, Oystein"]
[Result "0-1"]
[WhiteElo "2460"]
[BlackElo "2329"]
[PlyCount "56"]
[EventDate "2006.04.08"]
[EventType "swiss"]
[EventRounds "9"]
[EventCountry "NOR"]
[SourceTitle "CBM 111 Extra"]
[Source "ChessBase"]
[SourceDate "2006.05.09"]
[SourceVersion "1"]
[SourceVersionDate "2006.05.09"]
[SourceQuality "1"]

1. e4 e5 2. Nf3 Nc6 3. Nc3 Nf6 4. a3 d5 5. Bb5 d4 6. Ne2 Bd7 7. d3 Bd6 8. 0-0 0-0 9. Ng3 Ne7 10. Bxd7 Qxd7 11. c3 dxc3 12. d4 Ng6 13. bxc3 h6 14. Qb3 c6 15. Re1 Rfe8 16. h4 exd4 17. h5 Ne5 18. Nxd4 Nd3 19. Rf1 Nc5 20. Qc2 Ncxe4 21. Nxe4 Rxe4 22. Be3 Rae8 23. Nf3 Nd5 24. Bxa7 Nf4 25. Nd4 Qg4 26. f3 Qg3 27. Kh1 Qh4+ 28. Kg1 Ne2+ 0-1

[Event "NOR-ch op"]
[Site "Oslo"]
[Date "2006.04.10"]
[Round "3"]
[White "Dannevig, Oystein"]
[Black "Lie, Kjetil A"]
[Result "1/2-1/2"]
[WhiteElo "2329"]
[BlackElo "2493"]
[PlyCount "142"]
[EventDate "2006.04.08"]
[EventType "swiss"]
[EventRounds "9"]
[EventCountry "NOR"]
[SourceTitle "CBM 111 Extra"]
[Source "ChessBase"]
[SourceDate "2006.05.09"]
[SourceVersion "1"]
[SourceVersionDate "2006.05.09"]
[SourceQuality "1"]

1. e4 c5 2. Nf3 e6 3. d4 cxd4 4. Nxd4 a6 5. Bd3 Bc5 6. Nb3 Ba7 7. Nc3 Nc6 8. Qe2 d6 9. Be3 Nf6 10. Bxa7 Rxa7 11. 0-0-0 b5 12. f4 b4 13. Na4 e5 14. fxe5 Nxe5 15. Qe3 Re7 16. Qd4 0-0 17. Qxb4 Nxd3+ 18. cxd3 Rb7 19. Qa5 Qe7 20. Kb1 Rb5 21. Qd2 Bd7 22. Nc3 Rb4 23. Rhf1 Qe5 24. g3 Rfb8 25. d4 Qe6 26. Rde1 a5 27. Rxf6 Qxf6 28. Nd5 Qd8 29. Nxb4 Rxb4 30. d5 Qb6 31. Qe3 Qb8 32. Qc3 Qb6 33. Na1 h6 34. Nc2 Rb5 35. Nd4 Rb4 36. Rd1 Bg4 37. Rd2 Qa6 38. Qd3 Qa7 39. a3 Rb8 40. Rc2 Re8 41. Nb5 Qe7 42. Nc3 Qe5 43. Qf1 Bd7 44. Ka2 Qd4 45. Qa6 Qc5 46. Qd3 Rc8 47. Rd2 f6 48. Qd4 Qc7 49. Rc2 Qb7 50. Qf2 a4 51. Kb1 Qb3 52. Qa7 Bb5 53. Qb7 Rxc3 54. Qa8+ Kh7 55. Rxc3 Qd1+ 56. Ka2 Qd4 57. Qc8 Qxe4 58. g4 Qxd5+ 59. Ka1 Bd3 60. Rc1 Bg6 61. Qc4 Qd2 62. h4 d5 63. Qc3 Qf4 64. h5 Be4 65. Rg1 Qf2 66. Re1 Qf4 67. Rg1 Qf2 68. Qe1 Qc2 69. Qd1 Qf2 70. Rf1 Qg2 71. Re1 Qf2 1/2-1/2

[Event "NOR-ch"]
[Site "Sandnes"]
[Date "2005.07.09"]
[Round "8"]
[White "Dannevig, Oystein"]
[Black "Leer Salvesen, Bjarte"]
[Result "0-1"]
[WhiteElo "2347"]
[BlackElo "2374"]
[PlyCount "75"]
[EventDate "2005.07.02"]
[EventType "swiss"]
[EventRounds "9"]
[EventCountry "NOR"]
[SourceTitle "CBM 107 Extra"]
[Source "ChessBase"]
[SourceDate "2005.09.01"]
[SourceVersion "1"]
[SourceVersionDate "2005.09.01"]
[SourceQuality "1"]

1. e4 e6 2. Nf3 d5 3. e5 Bd7 4. a3 c5 5. b4 c4 6. d3 b5 7. Be2 a5 8. bxa5 Qxa5+ 9. c3 Nc6 10. 0-0 Nge7 11. Re1 Ng6 12. Bf1 Be7 13. g3 Qc7 14. d4 0-0 15. h4 f5 16. exf6 Rxf6 17. Bg5 Rf7 18. Bxe7 Ngxe7 19. Ng5 Rf6 20. Bh3 Nf5 21. Bxf5 Rxf5 22. Ra2 b4 23. Nxe6 Bxe6 24. Rxe6 Qd7 25. Re3 Qf7 26. f4 Qg6 27. Kh2 h5 28. Qe1 bxc3 29. Qxc3 Qf6 30. Rae2 Nxd4 31. Re8+ Kh7 32. Rxa8 Nxe2 33. Qd2 Nxf4 34. gxf4 Rxf4 35. Qc2+ g6 36. Ra7+ Kh6 37. Qd2 Qxh4+ 38. Kg2 0-1

[Event "NOR-ch"]
[Site "Sandnes"]
[Date "2005.07.06"]
[Round "5"]
[White "Dannevig, Oystein"]
[Black "Bjerke, Silje"]
[Result "1-0"]
[WhiteElo "2347"]
[BlackElo "2137"]
[PlyCount "207"]
[EventDate "2005.07.02"]
[EventType "swiss"]
[EventRounds "9"]
[EventCountry "NOR"]
[SourceTitle "CBM 107 Extra"]
[Source "ChessBase"]
[SourceDate "2005.09.01"]
[SourceVersion "1"]
[SourceVersionDate "2005.09.01"]
[SourceQuality "1"]

1. e4 c5 2. Nf3 d6 3. Bb5+ Bd7 4. Bxd7+ Qxd7 5. 0-0 Nc6 6. c3 Nf6 7. d4 Nxe4 8. d5 Ne5 9. Re1 Nxf3+ 10. Qxf3 Nf6 11. c4 e5 12. dxe6 fxe6 13. Bg5 Be7 14. Nc3 h6 15. Bh4 0-0 16. Qh3 Kf7 17. f4 Rad8 18. Rad1 Rg8 19. Re2 g5 20. Rde1 e5 21. Qxd7 Rxd7 22. fxe5 dxe5 23. Bg3 Bd6 24. Rf1 Kg7 25. Rxe5 Bxe5 26. Bxe5 Rf8 27. Ne4 Rdf7 28. Nd6 Kg6 29. Nxf7 Rxf7 30. b3 Ne4 31. Re1 Nf2 32. Bb8 a6 33. Bd6 Nd3 34. Rd1 Nf4 35. Bxc5 Ne2+ 36. Kh1 Nc3 37. Ra1 Rd7 38. Kg1 Rd2 39. Bb4 Rc2 40. Bxc3 Rxc3 41. Rd1 b5 42. cxb5 axb5 43. Rd2 Kg7 44. Kf2 Kg6 45. Ke2 Kf5 46. Kd1 Ke4 47. Rc2 Rd3+ 48. Kc1 Rd5 49. Re2+ Kf4 50. Kb2 h5 51. Kc3 h4 52. Rf2+ Ke3 53. Rf3+ Ke4 54. h3 Rc5+ 55. Kd2 Rd5+ 56. Ke2 Rc5 57. Re3+ Kf4 58. Rf3+ Ke4 59. Rd3 Rc2+ 60. Rd2 Rc5 61. Kf2 Rf5+ 62. Kg1 Rc5 63. Kh2 Ke3 64. Rd8 Ke4 65. Rd7 Rc2 66. Ra7 Kf4 67. a4 bxa4 68. Rxa4+ Kf5 69. Rc4 Rb2 70. Rc3 Kf4 71. Rd3 Rb1 72. Rf3+ Ke4 73. Rc3 Kf4 74. Rc4+ Kf5 75. Rb4 Kf6 76. Rb8 Kg6 77. b4 Kf6 78. b5 Kg7 79. b6 Kh7 80. g4 Rb2+ 81. Kg1 Rb1+ 82. Kf2 Rb2+ 83. Ke1 Rb3 84. b7 Rb2 85. Kd1 Rb6 86. Kc2 Rb5 87. Kc3 Rb1 88. Kc4 Rb2 89. Kd5 Rb1 90. Ke5 Kg7 91. Kd6 Rb2 92. Kc6 Rc2+ 93. Kd6 Rd2+ 94. Ke6 Rb2 95. Re8 Rb6+ 96. Kf5 Rb5+ 97. Re5 Rxb7 98. Kxg5 Rb6 99. Kxh4 Rh6+ 100. Kg3 Rc6 101. h4 Kh6 102. Kf4 Kg7 103. h5 Rc4+ 104. Kg5 1-0

[Event "Politiken Cup 26th"]
[Site "Copenhagen"]
[Date "2004.07.29"]
[Round "7"]
[White "Romsdal, Trond"]
[Black "Dannevig, Oystein"]
[Result "0-1"]
[WhiteElo "2212"]
[BlackElo "2363"]
[PlyCount "138"]
[EventDate "2004.07.24"]
[EventType "swiss"]
[EventRounds "10"]
[EventCountry "DEN"]
[SourceTitle "CBM 101 Extra"]
[Source "ChessBase"]
[SourceDate "2004.09.01"]
[SourceVersion "2"]
[SourceVersionDate "2004.09.01"]
[SourceQuality "1"]

1. d4 Nf6 2. Nf3 c5 3. c4 cxd4 4. Nxd4 e6 5. Nc3 Nc6 6. e3 Bb4 7. Bd2 0-0 8. Be2 d5 9. cxd5 Nxd4 10. exd4 Bxc3 11. bxc3 exd5 12. 0-0 Qc7 13. Bd3 Ng4 14. g3 Nf6 15. Qc2 Bh3 16. Rfe1 Rae8 17. f3 h6 18. Bf4 Qc6 19. Rab1 Rxe1+ 20. Rxe1 Rc8 21. Bd2 Be6 22. Qb3 Ne8 23. Bb1 Nd6 24. Bf4 Nf5 25. Re5 Ne7 26. Bd2 Qd7 27. Kf2 f6 28. Re2 Bf7 29. Qa3 Nc6 30. Bd3 a6 31. Bf4 g5 32. Bd2 Kg7 33. f4 Bh5 34. Re1 Bg6 35. Bxg6 Kxg6 36. fxg5 hxg5 37. Kg1 Re8 38. Qc1 Rxe1+ 39. Qxe1 Na5 40. Kg2 Nc4 41. Bc1 Kf7 42. Qe2 Qf5 43. h4 Qb1 44. Qh5+ Qg6 45. Qf3 Qc2+ 46. Kh3 Ke6 47. Qg4+ Ke7 48. Bxg5 fxg5 49. Qxg5+ Ke6 50. Qg8+ Kd7 51. Qf7+ Kc6 52. Qe8+ Kb6 53. Qd8+ Ka7 54. Qxd5 Qxa2 55. h5 Qe2 56. Qc5+ Kb8 57. Qf8+ Kc7 58. h6 Qh5+ 59. Kg2 Ne3+ 60. Kf2 Ng4+ 61. Ke1 Nxh6 62. Kd2 Qg5+ 63. Kd1 a5 64. Qh8 Nf7 65. Qh7 Qf6 66. Kc2 Kb6 67. Kb2 Nd6 68. Qd7 Qf2+ 69. Kb3 Qf7+ 0-1

[Event "Politiken Cup 26th"]
[Site "Copenhagen"]
[Date "2004.07.28"]
[Round "6"]
[White "Dannevig, Oystein"]
[Black "Schmidt, Horst Hubert"]
[Result "1-0"]
[WhiteElo "2363"]
[BlackElo "1878"]
[PlyCount "49"]
[EventDate "2004.07.24"]
[EventType "swiss"]
[EventRounds "10"]
[EventCountry "DEN"]
[SourceTitle "CBM 101 Extra"]
[Source "ChessBase"]
[SourceDate "2004.09.01"]
[SourceVersion "2"]
[SourceVersionDate "2004.09.01"]
[SourceQuality "1"]

1. e4 e6 2. Nf3 d5 3. e5 c5 4. b4 b6 5. c3 Bd7 6. a3 Nc6 7. d4 Nge7 8. Bd3 Ng6 9. h4 cxd4 10. cxd4 Qc7 11. Ra2 Rc8 12. Rc2 Qb8 13. h5 Nge7 14. Nc3 f6 15. Bf4 Nxd4 16. Nxd4 fxe5 17. Bg3 Ng8 18. Ba6 Rd8 19. Ncb5 Nf6 20. Nc7+ Kf7 21. Bxe5 Ba4 22. Qe2 Bxc2 23. Nc6 Qxc7 24. Bxc7 Rd7 25. Ne5+ 1-0

[Event "Politiken Cup 26th"]
[Site "Copenhagen"]
[Date "2004.07.27"]
[Round "5"]
[White "Dannevig, Oystein"]
[Black "Engelbert, Christoph"]
[Result "0-1"]
[WhiteElo "2363"]
[BlackElo "2213"]
[PlyCount "104"]
[EventDate "2004.07.24"]
[EventType "swiss"]
[EventRounds "10"]
[EventCountry "DEN"]
[SourceTitle "CBM 101 Extra"]
[Source "ChessBase"]
[SourceDate "2004.09.01"]
[SourceVersion "2"]
[SourceVersionDate "2004.09.01"]
[SourceQuality "1"]

1. e4 g6 2. d4 Bg7 3. Nf3 d6 4. Be2 Nf6 5. Nc3 0-0 6. 0-0 Bg4 7. Be3 Nc6 8. d5 Bxf3 9. Bxf3 Ne5 10. Be2 c6 11. f4 Ned7 12. dxc6 bxc6 13. Qd3 Qa5 14. a3 Rab8 15. Rab1 Rfd8 16. Bf3 Ne8 17. b4 Qc7 18. a4 e6 19. Ne2 d5 20. e5 Bf8 21. c3 c5 22. Rfc1 Nb6 23. a5 Nc4 24. Bd2 Rb7 25. h4 Rdb8 26. h5 cxb4 27. cxb4 Bxb4 28. Bxb4 Rxb4 29. hxg6 hxg6 30. Rxb4 Rxb4 31. Kh2 Ng7 32. Nd4 Rb2 33. a6 Qb6 34. Qc3 Rd2 35. Rd1 Ra2 36. Be2 Qb2 37. Qh3 Nd2 38. Nc6 Nf5 39. Bd3 Qc3 40. Nxa7 Qd4 41. Nc6 Qxf4+ 42. Kg1 Qa4 43. Rc1 Qa3 44. Ne7+ Nxe7 45. Rc7 Qb4 46. Kh2 Qf4+ 47. Qg3 Nf3+ 48. Kh3 Qh6+ 49. Kg4 Qh5+ 50. Kf4 Nxe5 51. Rxe7 Nxd3+ 52. Qxd3 Qh4+ 0-1

[Event "NOR-ch"]
[Site "Molde"]
[Date "2004.07.07"]
[Round "6"]
[White "Aulin Jansson, Joran"]
[Black "Dannevig, Oystein"]
[Result "0-1"]
[WhiteElo "2256"]
[BlackElo "2372"]
[PlyCount "162"]
[EventDate "2004.07.03"]
[EventType "swiss"]
[EventRounds "9"]
[EventCountry "NOR"]
[SourceTitle "CBM 101 Extra"]
[Source "ChessBase"]
[SourceDate "2004.09.01"]
[SourceVersion "2"]
[SourceVersionDate "2004.09.01"]
[SourceQuality "1"]

1. d4 Nf6 2. Nf3 c5 3. e3 g6 4. Bd3 Bg7 5. 0-0 0-0 6. c3 d5 7. Nbd2 cxd4 8. exd4 Nc6 9. Re1 Bg4 10. h3 Bxf3 11. Nxf3 e6 12. Bg5 h6 13. Bf4 Nh5 14. Bh2 a6 15. Ne5 Qg5 16. Qf3 Qf6 17. Qe3 Qg5 18. f4 Qd8 19. g4 Nf6 20. g5 hxg5 21. fxg5 Nh7 22. h4 Bxe5 23. Bxe5 Nxe5 24. dxe5 b5 25. Re2 Qe7 26. Rg2 Qa7 27. Kf2 Kg7 28. Ke2 Qxe3+ 29. Kxe3 Rh8 30. a4 bxa4 31. Rxa4 Nf8 32. Rgg4 Nd7 33. Kd4 a5 34. Bb5 Nb6 35. Ra1 Rhc8 36. Rh1 Nc4 37. h5 gxh5 38. Rxh5 Nxb2 39. g6 fxg6 40. Rhg5 Rg8 41. Rxg6+ Kf7 42. Rf6+ Ke7 43. Rgf4 Raf8 44. Rf2 Nd1 45. Rf1 Nb2 46. Kc5 Rxf6 47. exf6+ Kf7 48. Be2 Rh8 49. Rb1 Nc4 50. Rf1 Nd2 51. Rf4 Ne4+ 52. Kd4 Nxf6 53. c4 Ke7 54. cxd5 Nxd5 55. Re4 Kd6 56. Bg4 Nc7 57. Bd1 Rb8 58. Kd3 Rb5 59. Ba4 Rd5+ 60. Kc4 Rc5+ 61. Kd3 Nd5 62. Rh4 Rc3+ 63. Kd2 Ra3 64. Bd1 e5 65. Bh5 Ra2+ 66. Kc1 Nf4 67. Be8 Kc5 68. Rh7 Nd3+ 69. Kb1 Rb2+ 70. Ka1 Rb8 71. Bg6 Nf4 72. Bc2 Kd4 73. Ka2 Nd5 74. Rh4+ Kc5 75. Ka3 Rb4 76. Rh5 Kd4 77. Bf5 Ne3 78. Bg6 Nc4+ 79. Ka2 e4 80. Rh4 Kc3 81. Be8 Rb3 0-1

[Event "NOR-ch"]
[Site "Molde"]
[Date "2004.07.04"]
[Round "2"]
[White "Dannevig, Oystein"]
[Black "Breivik, Lars H"]
[Result "1-0"]
[WhiteElo "2372"]
[BlackElo "2222"]
[PlyCount "102"]
[EventDate "2004.07.03"]
[EventType "swiss"]
[EventRounds "9"]
[EventCountry "NOR"]
[SourceTitle "CBM 101 Extra"]
[Source "ChessBase"]
[SourceDate "2004.09.01"]
[SourceVersion "2"]
[SourceVersionDate "2004.09.01"]
[SourceQuality "1"]

1. e4 Nf6 2. e5 Nd5 3. d4 d6 4. Nf3 dxe5 5. Nxe5 c6 6. c4 Nb4 7. Nd3 Nxd3+ 8. Bxd3 Qxd4 9. 0-0 Bg4 10. Qc2 Na6 11. Be3 Qd7 12. a3 e6 13. b4 Rd8 14. Be2 Bxe2 15. Qxe2 c5 16. b5 Nc7 17. Nc3 Be7 18. Rad1 Qc8 19. Rxd8+ Qxd8 20. Rd1 Qc8 21. Ne4 0-0 22. a4 b6 23. a5 Rd8 24. a6 f5 25. Ng5 Bf6 26. h4 h6 27. Nf3 e5 28. g3 Kf7 29. Qc2 e4 30. Nh2 Ne6 31. Qe2 Nd4 32. Qf1 g5 33. hxg5 Bxg5 34. Kh1 Kg6 35. Rd2 Nb3 36. Rd5 Rxd5 37. cxd5 Nd4 38. Qc4 Bf6 39. Bf4 Qd7 40. d6 Nxb5 41. Qd5 Kg7 42. Qb7 Qf7 43. d7 Bd8 44. Nf1 Kh7 45. Be5 Nd4 46. Bxd4 cxd4 47. Qxa7 Qa2 48. Kg1 e3 49. fxe3 dxe3 50. Nxe3 Qe2 51. Qb7 b5 1-0

[Event "NOR-ch op"]
[Site "Oslo"]
[Date "2004.04.09"]
[Round "7"]
[White "Dannevig, Oystein"]
[Black "Brynell, Stellan"]
[Result "1/2-1/2"]
[WhiteElo "2372"]
[BlackElo "2458"]
[PlyCount "108"]
[EventDate "2004.04.03"]
[EventType "swiss"]
[EventRounds "9"]
[EventCountry "NOR"]
[SourceTitle "CBM 099 Extra"]
[Source "ChessBase"]
[SourceDate "2004.05.04"]
[SourceVersion "1"]
[SourceVersionDate "2004.05.04"]
[SourceQuality "1"]

1. e4 e6 2. d4 d5 3. exd5 exd5 4. Nf3 Nc6 5. Bb5 Bd6 6. c4 dxc4 7. d5 a6 8. Ba4 b5 9. dxc6 bxa4 10. 0-0 Ne7 11. Qxa4 0-0 12. Nbd2 c3 13. bxc3 Qe8 14. Ba3 Qxc6 15. Qxc6 Nxc6 16. Bxd6 cxd6 17. Nc4 Rd8 18. Rfd1 d5 19. Nb6 Rb8 20. Nxd5 Be6 21. Ne3 Rxd1+ 22. Nxd1 f6 23. h4 Kf7 24. Kf1 Bc4+ 25. Ke1 Bd5 26. Ke2 Ke6 27. g3 Bxf3+ 28. Kxf3 Kd5 29. Ke2 Ne5 30. Ne3+ Ke4 31. Rc1 g5 32. h5 f5 33. Rd1 Rb2+ 34. Rd2 Rxd2+ 35. Kxd2 f4 36. gxf4 gxf4 37. Nd1 Kf3 38. h6 Ng4 39. c4 Nxh6 40. c5 Nf5 41. c6 h5 42. c7 Ne7 43. Ke1 h4 44. Kf1 h3 45. Kg1 Nc8 46. a4 a5 47. Nb2 h2+ 48. Kxh2 Kxf2 49. Nc4 f3 50. Nxa5 Ke1 51. Nc4 Ke2 52. Kg3 f2 53. Nd2 Kxd2 54. Kxf2 Kd3 1/2-1/2

[Event "NOR-ch op"]
[Site "Oslo"]
[Date "2004.04.08"]
[Round "6"]
[White "Bae, Torstein"]
[Black "Dannevig, Oystein"]
[Result "0-1"]
[WhiteElo "2303"]
[BlackElo "2372"]
[PlyCount "72"]
[EventDate "2004.04.03"]
[EventType "swiss"]
[EventRounds "9"]
[EventCountry "NOR"]
[SourceTitle "CBM 099 Extra"]
[Source "ChessBase"]
[SourceDate "2004.05.04"]
[SourceVersion "1"]
[SourceVersionDate "2004.05.04"]
[SourceQuality "1"]

1. Nc3 c5 2. f4 g6 3. Nf3 Bg7 4. e3 Nh6 5. Bc4 0-0 6. e4 Nc6 7. h3 Na5 8. Be2 f5 9. d3 b6 10. g4 e6 11. g5 Nf7 12. Be3 Bb7 13. Qd2 fxe4 14. Nxe4 Bxb2 15. Rb1 Bg7 16. h4 Nc4 17. dxc4 Bxe4 18. h5 d5 19. hxg6 hxg6 20. Rh3 Nd6 21. cxd5 exd5 22. Nh2 Nf5 23. Ng4 Qd6 24. Bf2 Rae8 25. Kd1 Nd4 26. Nh6+ Bxh6 27. gxh6 Bxc2+ 28. Kc1 Rxe2 29. h7+ Kf7 30. Bxd4 Rxd2 31. Be5 Qxe5 32. fxe5 Bxb1 33. h8Q Rxh8 34. Rxh8 Rxa2 35. Kxb1 Re2 36. Kc1 Rxe5 0-1

[Event "Oslo OSS"]
[Site "Oslo"]
[Date "2004.01.31"]
[Round "8"]
[White "Dannevig, Oystein"]
[Black "Martinovic, Sasa"]
[Result "0-1"]
[WhiteElo "2369"]
[BlackElo "2156"]
[PlyCount "68"]
[EventDate "2004.01.26"]
[EventType "tourn"]
[EventRounds "9"]
[EventCountry "NOR"]
[EventCategory "3"]
[SourceTitle "CBM 098 Extra"]
[Source "ChessBase"]
[SourceDate "2004.03.10"]
[SourceVersion "2"]
[SourceVersionDate "2004.03.10"]
[SourceQuality "1"]

1. e4 c5 2. Nf3 Nc6 3. Bb5 g6 4. Bxc6 dxc6 5. d3 Bg7 6. 0-0 e5 7. a3 Bg4 8. b4 cxb4 9. axb4 Ne7 10. Nbd2 f5 11. Bb2 f4 12. Qb1 Bxf3 13. Nxf3 Qd6 14. Bc3 g5 15. Nxg5 Bf6 16. Nf3 Rg8 17. Qb2 Qe6 18. Ne1 Rg5 19. Kh1 Qg4 20. Rg1 Rh5 21. Nf3 Kd8 22. d4 Kd7 23. dxe5 Rg8 24. exf6 Rg6 25. Rad1+ Ke8 26. Rd3 Rgh6 27. Be5 Qxf3 28. Bxf4 Qxf4 29. h3 Qxf6 30. c3 Qe6 31. Kh2 Qe5+ 32. Kh1 Qxe4 33. Qd2 Rxh3+ 34. Rxh3 Rxh3# 0-1

[Event "Krakow op-A"]
[Site "Krakow "]
[Date "2004.01.03"]
[Round "8"]
[White "Zolnierowicz, Krzysztof"]
[Black "Dannevig, Oystein"]
[Result "1/2-1/2"]
[WhiteElo "2366"]
[BlackElo "2357"]
[PlyCount "111"]
[EventDate "2003.12.27"]
[EventType "swiss"]
[EventRounds "9"]
[EventCountry "POL"]
[SourceTitle "EXT 2006"]
[Source "ChessBase"]
[SourceDate "2005.11.24"]
[SourceVersion "1"]
[SourceVersionDate "2005.11.24"]
[SourceQuality "1"]

1. e4 c5 2. c3 d5 3. exd5 Qxd5 4. d4 Nc6 5. Nf3 cxd4 6. cxd4 e5 7. Nc3 Bb4 8. Be2 Nxd4 9. Bd2 Bxc3 10. Bxc3 Nxf3+ 11. Bxf3 Qxd1+ 12. Rxd1 f6 13. Ba5 Be6 14. Bxb7 Rb8 15. Bd5 Kf7 16. Bc3 Ne7 17. Bxe6+ Kxe6 18. Ke2 Nd5 19. Rd2 Rhc8 20. Rc1 Rc7 21. g3 Rbc8 22. Rcd1 Nxc3+ 23. bxc3 Rxc3 24. Rd6+ Kf5 25. Rd7 R8c7 26. R1d3 Rc2+ 27. Ke3 Kg4 28. h4 f5 29. Rxc7 Rxc7 30. Ra3 Re7 31. Rb3 Rc7 32. Ra3 Rd7 33. Ra4+ e4 34. Ke2 Re7 35. Ke3 f4+ 36. gxf4 Kxh4 37. Ra5 h6 38. Re5 Rf7 39. Kxe4 Kg4 40. f5 h5 41. f3+ Kg3 42. f6 Rxf6 43. Rg5+ Kf2 44. Rxh5 Rf7 45. a4 Re7+ 46. Kf4 Ke2 47. Rd5 Re6 48. Rd7 Ra6 49. Rxg7 Rxa4+ 50. Ke5 Kd3 51. Kd5 Ra6 52. Kc5 Ra5+ 53. Kb4 Ra1 54. Rg3 Kd4 55. Rg4+ Ke5 56. Rg5+ 1/2-1/2

[Event "Krakow op-A"]
[Site "Krakow "]
[Date "2003.12.28"]
[Round "3"]
[White "Dannevig, Oystein"]
[Black "Lutsko, Igor"]
[Result "1/2-1/2"]
[WhiteElo "2357"]
[BlackElo "2446"]
[PlyCount "119"]
[EventDate "2003.12.27"]
[EventType "swiss"]
[EventRounds "9"]
[EventCountry "POL"]
[SourceTitle "EXT 2006"]
[Source "ChessBase"]
[SourceDate "2005.11.24"]
[SourceVersion "1"]
[SourceVersionDate "2005.11.24"]
[SourceQuality "1"]

1. e4 c5 2. Nf3 d6 3. Bb5+ Bd7 4. Bxd7+ Qxd7 5. c4 e5 6. Nc3 g6 7. 0-0 Bg7 8. d3 Nc6 9. a3 Nf6 10. Ne1 0-0 11. Nc2 Nd4 12. b4 Nh5 13. Nd5 Nxc2 14. Qxc2 f5 15. bxc5 dxc5 16. Rb1 f4 17. f3 Rf7 18. a4 Bf8 19. Rb5 Ng7 20. Bb2 Bd6 21. Bc3 g5 22. Qb2 Re8 23. a5 h5 24. Rb1 Qe6 25. Qe2 Rb8 26. h3 Kh7 27. Kf2 Qg6 28. Ke1 Ne6 29. Kd2 Qg7 30. Kc2 Rh8 31. Kb2 Kg8 32. Ka1 Rh6 33. Qb2 Rh7 34. Rh1 Nd8 35. Qf2 Qg6 36. Rg1 Qe6 37. g3 fxg3 38. Rxg3 Rhg7 39. Rb1 Qe8 40. Qg2 Ne6 41. h4 g4 42. fxg4 Nf4 43. Qc2 Nxd5 44. cxd5 Rxg4 45. Rxg4+ hxg4 46. Rg1 Rg7 47. Bd2 Qd8 48. h5 g3 49. Be1 Qh4 50. h6 Qxh6 51. Rxg3 Qh1 52. Rxg7+ Kxg7 53. Qb1 Kg6 54. Bd2 Qxb1+ 55. Kxb1 b5 56. axb6 axb6 57. Kc2 Kh5 58. Kd1 Kg4 59. Ke2 Kg3 60. Be1+ 1/2-1/2